Mathematics, with applications in the management, natural, and social sciences / (Record no. 180057)
[ view plain ]
| 000 -LEADER | |
|---|---|
| fixed length control field | 01062 a2200217 4500 |
| 003 - CONTROL NUMBER IDENTIFIER | |
| control field | Nust |
| 005 - DATE AND TIME OF LATEST TRANSACTION | |
| control field | 20221101093441.0 |
| 010 ## - LIBRARY OF CONGRESS CONTROL NUMBER | |
| LC control number | 78012014 |
| 020 ## - INTERNATIONAL STANDARD BOOK NUMBER | |
| International Standard Book Number | 0673151859 |
| 040 ## - CATALOGING SOURCE | |
| Transcribing agency | Nust |
| 082 00 - DEWEY DECIMAL CLASSIFICATION NUMBER | |
| Classification number | 510,LIA |
| 100 1# - MAIN ENTRY--PERSONAL NAME | |
| Personal name | Lial, Margaret L. |
| 9 (RLIN) | 102087 |
| 245 10 - TITLE STATEMENT | |
| Title | Mathematics, with applications in the management, natural, and social sciences / |
| Statement of responsibility, etc. | Margaret L. Lial & Charles D. Miller. |
| 250 ## - EDITION STATEMENT | |
| Edition statement | 2nd ed. |
| 260 ## - PUBLICATION, DISTRIBUTION, ETC. | |
| Place of publication, distribution, etc. | Glenview, Ill. : |
| Name of publisher, distributor, etc. | Scott, Foresman, |
| Date of publication, distribution, etc. | c1979. |
| 300 ## - PHYSICAL DESCRIPTION | |
| Extent | 658 p. : |
| Other physical details | ill. ; |
| Dimensions | 24 cm. |
| 505 ## - FORMATTED CONTENTS NOTE | |
| Formatted contents note | Review of Algebra (Page-1), Sets and Functions (Page-44) ,Linear and Polynomial Models (Page-85), Mathematics of Finance (Page-146), Matrix Theory (Page-180), Linear Systems (Page-213), Linear Programming (Page-246), Probability (Page-291), Decisions Theory (Page-348), Statistics (Page-383), Exponential and Logarithmic Functions (Page-436), Differential Calculus (Page-469), More Application of the Derivative (Page-510). |
| 650 #0 - SUBJECT ADDED ENTRY--TOPICAL TERM | |
| Topical term or geographic name entry element | Mathematics. |
| 700 1# - ADDED ENTRY--PERSONAL NAME | |
| Personal name | Miller, Charles David, |
| Dates associated with a name | 1942- |
| 9 (RLIN) | 102088 |
| 942 ## - ADDED ENTRY ELEMENTS (KOHA) | |
| Source of classification or shelving scheme | |
| Koha item type | Book |
| Call number prefix | 510,LIA |
| Withdrawn status | Lost status | Source of classification or shelving scheme | Damaged status | Not for loan | Permanent Location | Current Location | Shelving location | Date acquired | Full call number | Barcode | Date last seen | Price effective from | Koha item type | Public note |
|---|---|---|---|---|---|---|---|---|---|---|---|---|---|---|
| Military College of Signals (MCS) | Military College of Signals (MCS) | General Stacks | 12/12/2016 | 510,LIA | MCS7224 | 12/08/2016 | 12/12/2016 | Book Bank | Almirah No. A/135, Shelf No.6 |
